000 01043nam a22002537a 4500
005 20170124102939.0
010 _aA-986923
020 _c225.00
_a8171787622
035 _aA-986923
037 _bCen Lib/Ret
040 _aDPL
_bHN
082 _a808.883
_bसोबती
100 _aसोबती, कृष्णा
_947758
245 _aहम हशमत-1 /
_cकृष्णा सोबती
246 _aHum hashmat-1 /
_bby Krishna Sobti
260 _aनयी दिल्ली
_bराजकमल प्रकशन
_c1977
270 _a1-बी, नेता ज़ी सुभाष मार्ग, दरिया गंज
_bनयी दिल्ली
_e110002
300 _a270पृ.
_c19सेमी (सजिल्द)
650 _aहिन्दी साहित्य
_947759
650 _aसंस्मरण साहित्य
_9442
650 _aHindi literature
_947760
650 _aMemoir literature
_947761
942 _2ddc
_cHN
_h808.883
_mसोबती
999 _c112475
_d112475